| 000 | 01315nam a22001577a 4500 | ||
|---|---|---|---|
| 041 | _aukr | ||
| 080 | _a09 | ||
| 090 | _bГЛІ | ||
| 100 | _aГлівінський А.І. | ||
| 245 | _aОсобливості використання лексики на позначення невербального спілуквання в творах Марка Твена | ||
| 260 |
_aОстрог _bКАФ _c2010 |
||
| 300 | _a54 | ||
| 520 |
_aВСТУП
РОЗДІЛ 1 СПІЛКУВАННЯ. ФУНКЦІЇ СПІЛКУВАННЯ ТА ЙОГО ВИДИ
1.1 Спілкування як комунікація. Функції спілкування.
1.2 Види спілкування.
РОЗДІЛ 2 МАРК ТВЕН ТА ЙОГО ТВОРЧІСТЬ. АНАЛІЗ ЛЕКСИЧНИХ ОДИНИЦЬ
2.1 Нарис життя автора. Характеристика творів та їх прихований зміст.
2.2 Частотність вживання слів на позначення невербального спілкування.
2.3 Класифікація лексичних одиниць за їх спільними знаками.
ВИСНОВКИ _0спілкування, Марк Твен, аналіз лексичних одиниць |
||
| 650 | _aResearch Papers | ||
| 999 |
_c284276 _d284276 |
||
| 942 | _cBK | ||